[Event "Asia Cities-ch 20th"]
[Site "Bhubaneswar"]
[Date "2017.08.30"]
[Round "7.4"]
[White "Salim, Mohammed Salim Al"]
[Black "Ganguly, Ritabroto"]
[Result "1-0"]
[WhiteElo "2010"]
[BlackElo "1847"]
[PlyCount "93"]
[EventDate "2017.08.26"]
[EventType "team-swiss"]
[EventRounds "9"]
[EventCountry "IND"]
[SourceTitle "CBM 180 Extra"]
[Source "ChessBase"]
[SourceDate "2017.10.06"]
[SourceVersion "1"]
[SourceVersionDate "2017.10.06"]
[SourceQuality "1"]
[WhiteTeam "Muscat"]
[BlackTeam "Kolkata"]
[WhiteTeamCountry "OMN"]
[BlackTeamCountry "IND"]

1. e4 c5 2. Nf3 Nc6 3. d4 cxd4 4. Nxd4 g6 5. c4 Bg7 6. Be3 Nf6 7. Nc3 0-0 8. Be2 d6 9. 0-0 Bd7 10. f3 Nxd4 11. Bxd4 Bc6 12. Qd2 a5 13. b3 Nd7 14. Be3 Nc5 15. Rac1 f5 16. exf5 Rxf5 17. Rfd1 Qf8 18. Nd5 Bxd5 19. cxd5 b6 20. Rc4 b5 21. Rg4 b4 22. Qc2 Bc3 23. Rc4 Qg7 24. f4 Rff8 25. Bg4 Ra7 26. Qf2 Rc7 27. Qh4 a4 28. bxa4 Ra8 29. f5 Rxa4 30. fxg6 hxg6 31. Rxc5 Rxc5 32. Be6+ Kf8 33. Bh6 Bf6 34. Rf1 Rc1 35. Bxg7+ Kxg7 36. Qf4 Rxf1+ 37. Kxf1 Rxa2 38. Qxb4 Rb2 39. Qa4 Rb8 40. Ke2 Rh8 41. h3 Rf8 42. Bd7 Rb8 43. Bb5 Rh8 44. Bd3 Rh4 45. Qe8 Rh6 46. Kf3 g5 47. Bf5 1-0

[Event "Asia Cities-ch 20th"]
[Site "Bhubaneswar"]
[Date "2017.08.28"]
[Round "4.2"]
[White "Salem, Ahmed Salem"]
[Black "Ganguly, Ritabroto"]
[Result "0-1"]
[WhiteElo "1724"]
[BlackElo "1847"]
[PlyCount "82"]
[EventDate "2017.08.26"]
[EventType "team-swiss"]
[EventRounds "9"]
[EventCountry "IND"]
[SourceTitle "CBM 180 Extra"]
[Source "ChessBase"]
[SourceDate "2017.10.06"]
[SourceVersion "1"]
[SourceVersionDate "2017.10.06"]
[SourceQuality "1"]
[WhiteTeam "Dubai"]
[BlackTeam "Kolkata"]
[WhiteTeamCountry "UAE"]
[BlackTeamCountry "IND"]

1. e4 c5 2. Nf3 Nc6 3. Bb5 g6 4. 0-0 Bg7 5. c3 d5 6. Qa4 Qd6 7. exd5 Qxd5 8. d4 cxd4 9. cxd4 Bd7 10. Bf4 Nf6 11. Nc3 Qf5 12. Be5 0-0 13. Bxf6 Bxf6 14. d5 Bxc3 15. dxc6 bxc6 16. Bxc6 Bxc6 17. Qxc6 Bxb2 18. Rab1 Rab8 19. Qa4 a5 20. Rbd1 Rfc8 21. Qd7 Qxd7 22. Rxd7 Bf6 23. Rd2 Rb2 24. Rxb2 Bxb2 25. Rb1 Bf6 26. Ne1 Rc3 27. Rd1 Ra3 28. Rd2 Bc3 29. Rd3 Bb4 30. Rxa3 Bxa3 31. Kf1 e5 32. Ke2 f5 33. Nc2 Bc5 34. f3 Kf7 35. Kd3 Ke6 36. Na1 Kd5 37. Nb3 e4+ 38. fxe4+ fxe4+ 39. Ke2 a4 40. Na5 Bb6 41. Nb7 Kc6 0-1

[Event "Chennai op 9th"]
[Site "Chennai"]
[Date "2017.01.25"]
[Round "10"]
[White "Gukesh, Dommaraju"]
[Black "Ganguly, Ritabroto"]
[Result "1-0"]
[WhiteElo "2236"]
[BlackElo "1977"]
[PlyCount "81"]
[EventDate "2017.01.18"]
[EventType "swiss"]
[EventRounds "10"]
[EventCountry "IND"]
[SourceTitle "CBM 176 Extra"]
[Source "ChessBase"]
[SourceDate "2017.03.02"]
[SourceVersion "1"]
[SourceVersionDate "2017.03.02"]
[SourceQuality "1"]

1. Nf3 d5 2. g3 c5 3. Bg2 Nc6 4. d4 e6 5. 0-0 Nf6 6. e3 Bd6 7. c4 dxc4 8. Na3 cxd4 9. Nxc4 Bc5 10. exd4 Nxd4 11. Nxd4 Bxd4 12. Qa4+ Qd7 13. Nd6+ Ke7 14. Nb5 e5 15. Rd1 Rd8 16. Qb4+ Ke8 17. Rxd4 exd4 18. Bf4 Qe7 19. Nc7+ Kf8 20. Qxe7+ Kxe7 21. Nxa8 Nd5 22. Re1+ Be6 23. Bg5+ f6 24. Bxd5 Rxd5 25. Nc7 Rxg5 26. Nxe6 Re5 27. Rxe5 fxe5 28. Nc5 b6 29. Ne4 Ke6 30. f3 Kd5 31. Kf2 h6 32. Ke2 b5 33. Kd3 a6 34. b4 g5 35. g4 Kc6 36. Ng3 Kb6 37. Nf5 a5 38. a3 axb4 39. axb4 Kc6 40. Nxh6 Kd5 41. Nf7 1-0

[Event "IND-ch U15 39th"]
[Site "Kolkata"]
[Date "2013.08.07"]
[Round "3"]
[White "Muthaiah, Al"]
[Black "Ganguly, Ritabroto"]
[Result "1-0"]
[WhiteElo "2037"]
[BlackElo "1773"]
[PlyCount "49"]
[EventDate "2013.08.06"]
[EventType "swiss"]
[EventRounds "11"]
[EventCountry "IND"]
[SourceTitle "CBM 155 Extra"]
[Source "ChessBase"]
[SourceDate "2013.08.26"]
[SourceVersion "1"]
[SourceVersionDate "2013.08.26"]
[SourceQuality "1"]

1. Nf3 b6 2. g3 Bb7 3. Bg2 g6 4. 0-0 Bg7 5. d3 Nf6 6. e4 0-0 7. Nc3 d6 8. a4 Nbd7 9. h3 c5 10. Be3 a6 11. Nh4 Re8 12. f4 e5 13. f5 Nf8 14. Qf3 h6 15. fxg6 fxg6 16. Bxh6 Bxh6 17. Qxf6 Qxf6 18. Rxf6 Rad8 19. Raf1 Rd7 20. Nxg6 Be3+ 21. Kh2 Nh7 22. R6f3 Rg7 23. h4 Re6 24. Rf8+ Nxf8 25. Rxf8+ 1-0